000 00718nam a22002417a 4500
001 BR2018000139
003 BR-BrBNA
005 20230928105224.0
007 ta
008 230509b bl.||||| |||| 00| 0 por d
040 _aBR-BrBNA
_bpor
_cBiblioteca Nacional de Agricultura
041 _a(Por)
072 _aE14
090 _ E14 BR2018000139
110 1 _aConfederação Nacional de Municípios, Brasília, DF (Brasil)
_92565
245 1 _aPlano municipal de desenvolvimento rural: uma metodologia de planejamento
260 3 _aBrasília, DF (Brasil):
_c2017.
300 _a42 p.
650 _aDESENVOLVIMENTO RURAL
650 _aPLANEJAMENTO RURAL
909 _a202309
_bLucia
_c55
_dLucia Elande
942 _cBK
999 _c84115
_d84115